000 00326nam a2200133Ia 4500
005 20251222155109.0
008 251222s9999||||xx |||||||||||||| ||spa||
082 _aEMI.44
100 _aSilva T.
245 0 _aEnfermería en la unidad de cuidados intensivos
250 _a3ra. ed.
264 _bM. Panamericana
942 _cLIB
999 _c37987
_d37987